00377 a2200109 4500001001000000005001700010008004100027245008800068100001800156773007600174999001700250ART_5648220260410162016.0260409a 10aProblemáticas en torno a la demolición de edificios en el derecho urbanístico1 aFiol, Gerardo0 tTemas de derecho administrativog- Año 7, N° 7 (jul. 2022)wREV40468 c32619d32619